000 01124 a2200265 4500
003 Nust
005 20221018123515.0
010 _a 2004296887
020 _a0596002424
020 _a81-7366-721-7
035 _a(OCoLC)ocm51964657
040 _cNust
082 0 0 _a005.8,GRA
100 1 _aGraff, Mark.
_9100606
245 1 0 _aSecure coding :
_bprinciples and practices /
_cMark G. Graff and Kenneth R. van Wyk.
260 _aBeijing ;
_aCambridge :
_bO'Reilly,
_c2003.
300 _axx, 202 p. :
_bill. ;
_c23 cm.
505 _aNo Straight Thing (Page-1), Architecture (Page-30), Design (Page-55), Implementation (Page-99), Operations (Page-124), Automation and Testing (Page-154).
650 0 _aComputer security.
_9570
700 1 _aVan Wyk, Kenneth R.
_9100607
856 4 2 _3Contributor biographical information
_uhttp://www.loc.gov/catdir/enhancements/fy0915/2004296887-b.html
856 4 2 _3Publisher description
_uhttp://www.loc.gov/catdir/enhancements/fy0715/2004296887-d.html
856 4 2 _3Table of contents only
_uhttp://www.loc.gov/catdir/enhancements/fy1010/2004296887-t.html
942 _2ddc
_cBK
_k005.8,GRA
999 _c218177
_d218177